01350cam a22003734i 4500003000900000005001700009008004100026020001800067020001500085035002000100049000900120082002200129100002700151245005100178264003600229300005600265336002000321337002400341338002200365505003500387526000900422526000900431526000800440526000800448526000800456541001800464910002800482942001400510994001400524596000600538999019300544980005500737952018400792PE-LiUPU20250731183413.0181114s2014 sp a r 000 0 spa d a9788490540145 a8490540144 a(Sirsi) a250649 aPRUA04a728.0222bB842201 aBroto, Xavier,eautor. aIdeas para espacios reducidos /cXavier Broto. aBarcelona :bLinksBooks,c2014. a239 páginas :bilustraciones ;c27 centímetros. text2rdacontent unmediated2rdamedia volume2rdacarrier0 aIdeas para espacios reducidos. aP158 aP146 aP17 aP12 aP06 g002-00000605; adbmbkslcksld20181114 2ddccBOOK aC0bPEPRU a1 a728.0222 B84wDEWEYc30130i79240d30130f2021-11-30g4lCCODEBUL1mBULp46.16q1r0sYtBOOKu2018-11-14xINGENIERIAPP060COMPRA1FCOMPR2o.STAFF. Colección Ingeniería y Arquitectura 81gALBERTO SANCHEZ Responsable de Automatización r2025-12-03 00:00:00i5l1o728.0222 B84p79240s2023-06-26te1v51.16w2018-11-14xFIAyBKzinventario-2023-12-13102ddc50708GENfP06aBULbBULcGENd2018-11-14eCOMPRAg46.16